Vista normal
Vista MARC
Entrada Nombre de reunión
Número de registros utilizados en: 2
001 - NÚMERO DE CONTROL
- campo de control: 55885
003 - IDENTIFICADOR DEL NÚMERO DE CONTROL
- campo de control: OSt
005 - FECHA Y HORA DE LA ÚLTIMA TRANSACCIÓN
- campo de control: 20200615034728.0
008 - DATOS DE LONGITUD FIJA
- campo de control de longitud fija: 200615|| aca||aabn | a|a d
040 ## - FUENTE DE LA CATALOGACIÓN
- Centro catalogador/agencia de origen: OSt
- Centro/agencia transcriptor: OSt
111 ## - ENCABEZAMIENTO--NOMBRE DE CONGRESO/REUNIÓN
- Nombre de congreso/reunión o jurisdicción como elemento de entrada: Conferencia latinoaméricana de ciencias políticas y sociales
- Número del congreso/reunión o número de parte o sección: (3ª. :
- Fecha del congreso/reunión: 1967, nov. 24-2 dic.,
- Sede del congreso/Lugar de la reunión: Santo Domingo, república Dominicana)
670 ## - FUENTE DE DATOS ENCONTRADOS
- Cita de la fuente: Work cat.: (OSt)28428: Conferencia latinoaméricana de ciencias políticas y sociales (3ª. : 1967, nov. 24-2 dic., Santo Domingo, república Dominicana), Informe final., 1967.
